Energy For Rural Development in Ethiopia (Record no. 205)

MARC details
000 -LEADER
fixed length control field 00433nam a22001457a 4500
008 - FIXED-LENGTH DATA ELEMENTS--GENERAL INFORMATION
fixed length control field 230602b xxu||||| |||| 00| 0 eng d
020 ## - INTERNATIONAL STANDARD BOOK NUMBER
International Standard Book Number 9966918000
082 ## - DEWEY DECIMAL CLASSIFICATION NUMBER
Classification number 307.1
Item number TEF
110 ## - MAIN ENTRY--CORPORATE NAME
Subordinate unit AFREPEN
245 ## - TITLE STATEMENT
Title Energy For Rural Development in Ethiopia
Remainder of title Poceedings of a National Policy Seminar
260 ## - PUBLICATION, DISTRIBUTION, ETC. (IMPRINT)
Name of publisher, distributor, etc. African Energy Policy Research Network
Date of publication, distribution, etc. 2001
300 ## - PHYSICAL DESCRIPTION
Extent IV,39p
440 ## - SERIES STATEMENT/ADDED ENTRY--TITLE
Number of part/section of a work 11
Name of part/section of a work AFREPEN Occasional Paper
942 ## - ADDED ENTRY ELEMENTS (KOHA)
Source of classification or shelving scheme Dewey Decimal Classification
Koha item type Books
Holdings
Withdrawn status Lost status Source of classification or shelving scheme Damaged status Not for loan Home library Current library Date acquired Total Checkouts Full call number Barcode Date last seen Price effective from Koha item type
    Dewey Decimal Classification     Bunge Tower Library Bunge Tower Library 06/02/2023   307.1 TEF 1000122 06/02/2023 06/02/2023 Books
LIBRARY OPENING HOURS

When the Parliament is sitting: 8.00a.m - 7.00p.m or until the house adjourns
Mondays and Fridays and when the House is on Recess:  8.00a.m - 5.00p.m
Closed on Weekends and Public Holidays

Online Public Access Catalog (OPAC)
Website: http://www.parliament.go.ke
Bunge Library: https://libraryir.parliament.go.ke
Contact: library@parliament.go.ke | Tel no: (254-2)2221291 or 2848000 Ext 5043